White paper on transportation safety in Japan : Prime minister's office '76

Guardat en:
Dades bibliogràfiques
Format: Llibre
Idioma:Undetermined
Publicat: Tokyo International Association of Traffic and Safety Sciences 1976
Matèries:
Etiquetes: Afegir etiqueta
Sense etiquetes, Sigues el primer a etiquetar aquest registre!
Thư viện lưu trữ: Trung tâm Học liệu Trường Đại học Cần Thơ
LEADER 00643nam a2200205Ia 4500
001 CTU_97456
008 210402s9999 xx 000 0 und d
082 |a 363.1 
082 |b W582 
245 0 |a White paper on transportation safety in Japan : 
245 0 |b Prime minister's office '76 
245 0 |c International Association of Traffic and Safety Sciences 
260 |a Tokyo 
260 |b International Association of Traffic and Safety Sciences 
260 |c 1976 
650 |a Transportation 
650 |x Safety measures,Periodicals 
650 |z Japan 
904 |i Giang 
980 |a Trung tâm Học liệu Trường Đại học Cần Thơ